Polacy z punktami w klasyfikacji Pucharu Świata - Statystyki

Ogólne statystyki
  • Ten quiz został rozwiązany 128 razy
  • Średni wynik to 16 z 36
Statystyki odpowiedzi
Zawodnicy % Poprawnych
Kamil Stoch
99%
Dawid Kubacki
97%
Adam Małysz
96%
Piotr Żyła
94%
Maciej Kot
93%
Klemens Murańka
84%
Stefan Hula
83%
Andrzej Stękała
74%
Aleksander Zniszczoł
72%
Jakub Wolny
72%
Krzysztof Biegun
61%
Paweł Wąsek
61%
Robert Mateja
61%
Jan Ziobro
54%
Piotr Fijas
52%
Tomasz Pilch
48%
Krzysztof Miętus
42%
Marcin Bachleda
39%
Stanisław Bobak
38%
Wojciech Skupień
38%
Łukasz Kruczek
35%
Tomisław Tajner
33%
Mateusz Rutkowski
32%
Tomasz Pochwała
19%
Grzegorz Miętus
17%
Rafał Śliż
17%
Tomasz Byrt
17%
Wojciech Tajner
16%
Krystian Długopolski
14%
Tadeusz Fijas
10%
Janusz Malik
6%
Jan Kowal
5%
Marek Gwóźdź
5%
Zbigniew Klimowski
5%
Andrzej Kowalski
2%
Stanisław Pawlusiak
2%
Nie znaleziono quizów pasujących do podanych kryteriów
Rozkład punktacji
Procent ludzi z każdym wynikiem
Percentyl według liczby udzielonych odpowiedzi
Twoja historia wyników
Nie rozwiązałeś tego quizu